00961 a2200205 4500003000500000005001700005040000900022082001600031100004500047245013600092260003300228300001300261505023800274650002300512651001900535700004200554942001200596999001900608952012800627NUST20251112154729.0 cNust a621.382,KHA aKhan , NC Hassan Talha (TCC-11)9131848 aSoftware simulation of discrete multitone modem /cNC Talha Hassan Khan, PC Bilal Ahmed khan, PC Zeeshan Amir and PC Bilal Amin.  aRawalpindibMCS (NUST)c2003 a144 p.; aBroadband Technologies (Page-1), Discreet Multi Tone (DMT), Modulation and Demodulation (page-45), Bit Loading (Page-66), Channel Estimation (Page-81), Equalization (Page-101), Synchronization (Page-107), Symbol Detection (Page-129). aUG Projects998716 aTCC-119131828 aSupervised by Dr. Jamil Ahmad9131849 cPR2ddc c182753d182753 00102ddc4070aMCSbMCScREFd2016-12-12o621.382,KHApMCSPTC-51r2016-12-08w2016-12-12yPRzAlmirah No. 94, Shelf No. 1